000 00650nam a2200241Ia 4500
003 OSt
005 20220918201331.0
006 a|||||r|||| 00| 0
007 ta
008 220917b |||||||| |||| 00| 0 eng d
024 _a93,178
037 _cTextual
040 _aARTS
_cARTS
_beng
041 _2eng
_aeng
082 _aV1:71, N4
100 _aMackenzio Iain M Ed
_998174
245 0 _aArchaeological theory
_b Progress or posture
260 _aAldershot
_bAvebury
_c1994
300 _axviii, 164p.
_ccm.
650 _aARCHEOLOGY
_92346
942 _hV1:71, N4
_cTEXL
_2CC
999 _c216826
_d216826